LDR 00718naa#a2200169#i#450# 001 RU\\bibl\121986 005 20260429215549.3 011 ## _a0320-3557 100 ## _a20251220b2025####ek#y0rusy0150####ca 102 ## _aRU 200 1# _aНИКОЛАЙ ВАСИЛЬЕВИЧ БУТОРИН (к 100-летию со дня рождения) _eЖурнальная статья 210 1# _aБорок _cИнститут биологии внутренних вод им. И.Д. Папанина РАН _d2025 215 ## _a8 с. 608 ## _aЖурнальная статья _2local 675 ## _aГидросфера. Вода в целом. Общая гидрология. 556 _z 700 #1 _aЗаконнов _gВ. В. 856 4# _aibiw.editorum.ru _u